| 000 | 00774nam a2200205 a 4500 | ||
|---|---|---|---|
| 003 | 0 | ||
| 005 | 20250317143956.0 | ||
| 008 | 071127s19uu xx 00 eng d | ||
| 050 |
_aPGS SB 349.5.I58.A45 _b.G385 2007 |
||
| 100 | _aGervacio, John Dexter C. | ||
| 245 |
_aThe effect of Allium sativum on the growth of tomato / _cJohn Dexter C. Gervacio. |
||
| 260 |
_aLas PiƱas City, Philippines : _bSouthville International School and Colleges, _c2007. |
||
| 300 |
_a31 pages : _bcolored illustrations ; _c28 cm. |
||
| 504 | _aIncludes bibliographical references. | ||
| 650 |
_aTomatoes _vGrowth. |
||
| 650 |
_aGarlic _vAgricultural aspects. |
||
| 650 |
_aIntercropping _vEffects on plant growth. |
||
| 650 |
_aPlant competition _vTomatoes and garlic. |
||
| 942 |
_2lcc _cPASS |
||
| 999 |
_c97710 _d97710 |
||